000
00327nam a22001457a 4500
008
210303b ||||| |||| 00| 0 eng d
020
_a
9780810357303
041
_a
eng
080
_a
37
082
_2
37
100
_a
46
101
_a
EDU
245
_a
Authors & Artist for Young Adult
_c
E. A. DES chenes
942
_2
udc
_c
BK
999
_c
55649
_d
55649